| 000 | 00666nam a22002057a 4500 | ||
|---|---|---|---|
| 999 |
_c17533 _d17533 |
||
| 003 | AR-CdUCM | ||
| 008 | 190508b ||||| |||| 00| 0 spa d | ||
| 040 |
_aMUNICIPALIDAD PROVINCIAL DEL CUSCO _cBIBLIOTECA MUNICIPAL DEL CUSCO |
||
| 082 |
_a320 / _bS74 |
||
| 100 |
_aSpencer, Herbert _99994 |
||
| 245 | _aEl individuo contra el estado / | ||
| 260 |
_aValencia : _bF. sempere y C, _c[1884]. |
||
| 300 |
_a223 páginas ; _c19 cm. |
||
| 505 | _aContenido : Advertencia del autor -- Prefacio -- Los nuevos conservadores ... | ||
| 650 |
_aIndividuo _95225 |
||
| 650 |
_aSociales _928612 |
||
| 650 |
_aPoética _9391 |
||
| 942 |
_2ddc _cLIBROS |
||
| 945 |
_arah _d08/05/2019 |
||